Countries Cordell Hull Visited - Statistics

General Stats
  • This quiz has been taken 16 times
  • The average score is 13 of 17
Answer Stats
Continent Country % Correct
South America Brazil
100%
North America Canada
100%
South America Argentina
89%
South America Chile
89%
South America Colombia
89%
Africa Egypt
89%
North America Panama
89%
Asia/ Europe Russia
89%
Europe United Kingdom
89%
South America Ecuador
78%
Europe France
78%
South America Peru
78%
South America Uruguay
78%
North America Cuba
67%
Asia Iran
44%
North America Trinidad and Tobago
33%
Africa Morocco
11%
No matching quizzes found
Score Distribution
Percent of People with Each Score
Percentile by Number Answered
Your Score History
You have not taken this quiz